Správa o činnosti Ekonomického ústavu SAV za rok 1986

Gespeichert in:
Bibliographische Detailangaben
Format: Buch
Sprache:Slowakisch
Veröffentlicht: Bratislava Ekonomický ústav SAV 1987
Tags: Tag hinzufügen
Keine Tags, Fügen Sie das erste Tag hinzu!

MARC

LEADER 00000nam a2200000 4500
001 c038444
005 20250513083255.6
041 0 |a slo 
044 |a SK 
245 1 0 |a Správa o činnosti Ekonomického ústavu SAV za rok 1986 
264 1 |a Bratislava  |b Ekonomický ústav SAV  |c 1987 
300 |a 58 s.